00783nam a2200181 i 450000100060000000300090000600500170001500700030003200800410003510000390007624501590011526000610027430000360033571000590037185200320043099900170046295201220047994747ES-MaACL20230906181539.0t|050513s1972 sp ||||1| spa d1 aLozano Mantecón, Ricardo.97445510aContribución al diagnóstico y a la patologia de la tromborilia postoperatoria con referencia especial a las modificaciones del metabolismo lipídico. aZaragoza : bUniversidad. Facultad de Medicina., c1972. a312 p., 3 h. : bil. ; c25 cm.2 aUniversidad de Zaragoza. bFacultad de Medicina.97362 aES-MaACLjC-43067 bR.83216 c94747d94747 00104070aATENEOMbATENEOMcDEPO2d2008-01-17eSCl0oC-43067p1098950r2023-02-23 00:00:00w2023-02-23yMONOGRAFIA